| 000 | 01335nam a22002655i 4500 | ||
|---|---|---|---|
| 001 | 153155 | ||
| 003 | ES-MaACL | ||
| 005 | 20250723061843.0 | ||
| 008 | 971014s1740 it |||| | lat d | ||
| 040 |
_aAN _bspa _cCCPB |
||
| 130 | 0 |
_aCodex Theodosianus. _9135263 |
|
| 245 | 1 | 0 |
_aCodex Theodosianus / _ccum perpetuis commentariis Jacobi Gothofredi ... ; praemittuntur chronologia accuratior, chronicon historicum ... ; opus posthumum ... recognitum, & ordinatum ad usum Codicis Justinianei, opera, & studio Antonii Marvillii ...; tomus secundus. |
| 250 |
_aEditio nova in VI tomos digesta, collata cum antiquissimo Codice MS. Wurceburgensi, & libri editis _biterum recognita, emendata, variorumque observationibus aucta, quibus adiecit suas Joan. Dan. Ritter ... |
||
| 260 |
_aMantuae ; _aprostant Venetiis : _bapud Franciscum Pitteri, _c1740. |
||
| 300 |
_a[26], 675 p. ; _cFol. |
||
| 595 | _aLos datos de ed. preceden a "tomus secundus" | ||
| 597 | _aSign.: []2, b-c4, d2, e1, A-Z4, 2A-2Z4, 3A-3Z4, 4A-4O4, 4P-4R2. | ||
| 597 | _aPort. con grab. xil. | ||
| 650 | 0 | 7 |
_aDerecho romano _2embne _911764 |
| 700 | 0 |
_aGodefroy, Jacques. _957513 |
|
| 700 | 1 |
_aMarville, Antoine. _9129666 |
|
| 700 | 1 |
_aRitter, Johann Daniel. _9131841 |
|
| 852 |
_aES-MaACL _jR-2037 _z-- Enc. pasta espaƱola |
||
| 999 |
_c153155 _d153155 |
||